000 00730nam a2200289Ia 4500
005 20260324142530.0
008 008 260324s9999 xx 000 0 eng d
020 _a9781315789354
037 _aEBOOK
040 _aCRL
040 _beng
040 _cCRL
041 _2eng
041 _aeng
084 _qCRL
100 _aAshwin Ram; Kurt Eiselt
_91212290
245 0 _aProceedings of the Sixteenth Annual Conference of the Cognitive Science Society
245 0 _bAtlanta, Georgia, 1994
260 _bTaylor and Francis
260 _c1994
365 _a
365 _b280
856 _uhttp://www.taylorfrancis.com/books/9781315789354
942 _cEBOOK
999 _c1816599
_d1816599